Biblioteca
Vista normal Vista MARC
  • Hoekema, Anthony A.,

Entrada Autor personal

Número de registros utilizados en: 1

001 - NUMERO DE CONTROL

  • Campo de control: 1326

003 - IDENTIFICADOR DE NUMERO DE CONTROL

  • Campo de control: CO-MdFUSB

005 - HORA Y FECHA DE LA ULTIMA TRANSACCIÓN

  • Campo de control: 20180828101430.0

008 - CAMPO DE LONGITUD FIJA

  • Campo fijo de descripción fija: 851205n| acannaab| |n aaa |||

040 ## - AGENCIA DE CATALOGACIÓN ORIGINAL

  • Agencia de catalogación original: DLC
  • Agencia que hace la transcripción: DLC
  • Lenguaje de catalogación: spa

100 10 - AUTOR PERSONAL

  • Autor personal: Hoekema, Anthony A.,
  • Fechas asociadas con el nombre: 1913-

370 ## - LUGARES ASOCIADOS

  • Lugar de nacimiento: Netherlands

375 ## - GENERO

  • Género: masculino

400 ## - REFERENCIA DE ENVIO “VEASE” - NOMBRE PERSONAL

  • Autor personal: Anthony A. Hoekema
  • Títulos y otras obras asociadas con el nombre: Dutch theologian‏

400 ## - REFERENCIA DE ENVIO “VEASE” - NOMBRE PERSONAL

  • Autor personal: Anthony A. Hoekem
  • Títulos y otras obras asociadas con el nombre: Nederlands theoloog (-1988)

400 ## - REFERENCIA DE ENVIO “VEASE” - NOMBRE PERSONAL

  • Autor personal: Hoekema, Anthony A.
  • Fechas asociadas con el nombre: 1913-1988

400 1# - REFERENCIA DE ENVIO “VEASE” - NOMBRE PERSONAL

  • Autor personal: Hoekema, Anthony A
  • Nombre completo: (Anthony Andrew),‏
  • Fechas asociadas con el nombre: 1913-

400 1# - REFERENCIA DE ENVIO “VEASE” - NOMBRE PERSONAL

  • Autor personal: Hoekema, Anthony A
  • Fechas asociadas con el nombre: 1913-1988‏

670 ## - FUENTE EN LA QUE SE LOCALIZARON DATOS

  • Fuente: His Created in God's image, 1986:
  • Fuente de información: CIP t.p. (Anthony A. Hoekema) data sht (b. 1913)

670 ## - FUENTE EN LA QUE SE LOCALIZARON DATOS

  • Fuente: His Saved by grace, c1989:
  • Fuente de información: CIP t.p. (Anthony A. Hoekema) data sheet (b. 7/26/1913; d. 1988) book t.p. verso (Brit. CIP: Hoekema, Anthony A. (Anthony Andrew), 1913-1988)

Biblioteca FUSBC | Teléfono: (57+4) 349 88 10 Ext. 141| WhatsApp (+57) 3005338115 
E-mail: biblioteca@unisbc.edu.co | Calle 76 87-14 Robledo Palenque, Medellín, Colombia

Con tecnología Koha